[Event "Oberliga Nord N 2324"]
[Site "Germany"]
[Date "2024.01.14"]
[Round "4.6"]
[White "Boehm, Thomas1"]
[Black "Schneider, Alexander"]
[Result "1/2-1/2"]
[WhiteElo "2166"]
[BlackElo "2081"]
[PlyCount "53"]
[EventDate "2023.10.22"]
[EventType "team-tourn"]
[EventRounds "9"]
[EventCountry "GER"]
[SourceTitle "EXT 2025"]
[Source "ChessBase"]
[SourceDate "2024.10.14"]
[SourceVersion "1"]
[SourceVersionDate "2024.10.14"]
[SourceQuality "1"]
[WhiteTeam "Kiel Turm III"]
[BlackTeam "Fischbek"]
[WhiteTeamCountry "GER"]
[BlackTeamCountry "GER"]

1. d4 Nf6 2. Nf3 b5 3. g3 Bb7 4. Bg2 e6 5. 0-0 Be7 6. a4 b4 7. c4 bxc3 8. bxc3 c5 9. Qb3 Qb6 10. Nbd2 Nc6 11. Rb1 cxd4 12. cxd4 Nb4 13. a5 Qxa5 14. Ba3 Bxf3 15. Bxf3 Rb8 16. Nc4 Qa6 17. Ra1 Qc8 18. Rfc1 Qd8 19. Rab1 0-0 20. Qa4 Nc6 21. Bc5 Bxc5 22. dxc5 Qc7 23. Bxc6 Rxb1 24. Rxb1 dxc6 25. Nd6 Nd7 26. Rb7 Nxc5 27. Rxc7 1/2-1/2

[Event "GER-chA Seniors 28th"]
[Site "Niederhausen"]
[Date "2016.08.21"]
[Round "9"]
[White "Schneider, Alexander"]
[Black "Kierzek, Mira"]
[Result "0-1"]
[WhiteElo "2064"]
[BlackElo "1980"]
[PlyCount "56"]
[EventDate "2016.08.13"]
[EventType "swiss"]
[EventRounds "9"]
[EventCountry "GER"]
[SourceTitle "EXT 2019"]
[Source "ChessBase"]
[SourceDate "2018.10.10"]
[SourceVersion "1"]
[SourceVersionDate "2018.10.10"]
[SourceQuality "1"]

1. Nf3 d5 2. d4 c6 3. e3 Bf5 4. Nbd2 Nf6 5. c4 h6 6. b3 e6 7. Bb2 Bd6 8. h3 0-0 9. Be2 Nbd7 10. c5 Bc7 11. b4 Qe7 12. Qb3 Ne4 13. Nxe4 Bxe4 14. Rg1 Kh8 15. Nd2 Bg6 16. 0-0-0 e5 17. dxe5 Bxe5 18. Nf3 Bxb2+ 19. Kxb2 a5 20. a3 Qf6+ 21. Qc3 axb4 22. Qxf6 bxa3+ 23. Ka2 Nxf6 24. Bd3 Bxd3 25. Rxd3 Ne4 26. Rc1 Ra5 27. Rxa3 Rfa8 28. Rxa5 Rxa5+ 0-1

[Event "GER-chT Seniors 24th"]
[Site "Berlin"]
[Date "2015.09.09"]
[Round "4.4"]
[White "Dittmann, Hans Adolf"]
[Black "Schneider, Alexander"]
[Result "1/2-1/2"]
[WhiteElo "2141"]
[BlackElo "1989"]
[PlyCount "98"]
[EventDate "2015.09.06"]
[EventType "team-swiss"]
[EventRounds "7"]
[EventCountry "GER"]
[SourceTitle "EXT 2018"]
[Source "ChessBase"]
[SourceDate "2017.10.13"]
[SourceVersion "1"]
[SourceVersionDate "2017.10.13"]
[SourceQuality "1"]
[WhiteTeam "Schleswig Holstein Seniors"]
[BlackTeam "Niedersachsen Seniors II"]
[WhiteTeamCountry "GER"]
[BlackTeamCountry "GER"]

1. Nf3 Nf6 2. c4 e6 3. g3 d5 4. Bg2 Be7 5. 0-0 0-0 6. b3 c5 7. cxd5 exd5 8. d4 Nc6 9. Bb2 Ne4 10. dxc5 Bxc5 11. Nc3 Nxc3 12. Bxc3 Be6 13. Qc2 Qe7 14. Qb2 Ba3 15. Qd2 Bb4 16. Rfd1 Rac8 17. Rac1 h6 18. Nd4 Bxc3 19. Rxc3 Nxd4 20. Qxd4 Rxc3 21. Qxc3 b6 22. Qe5 Qa3 23. Bxd5 Bxd5 24. Qxd5 Qxa2 25. e4 Re8 26. Rd3 Qa1+ 27. Kg2 Qf6 28. b4 Qe7 29. Rd4 Rc8 30. e5 g6 31. Qd7 Qxd7 32. Rxd7 Rc4 33. Rxa7 Rxb4 34. Rb7 b5 35. h4 Rb2 36. h5 g5 37. Kf3 b4 38. Ke3 b3 39. Kf3 Kf8 40. Rb6 Kg7 41. Ke3 Rb1 42. Ke4 Re1+ 43. Kf5 Re2 44. f4 gxf4 45. gxf4 b2 46. Rb7 Rh2 47. Kg4 Rg2+ 48. Kf3 Rh2 49. Kg3 Re2 1/2-1/2

[Event "GER-chA Seniors 27th"]
[Site "Magdeburg"]
[Date "2015.08.22"]
[Round "8"]
[White "Schneider, Alexander"]
[Black "Szenetra, Werner"]
[Result "0-1"]
[WhiteElo "2097"]
[BlackElo "2182"]
[PlyCount "70"]
[EventDate "2015.08.15"]
[EventType "swiss"]
[EventRounds "9"]
[EventCountry "GER"]
[SourceTitle "EXT 2018"]
[Source "ChessBase"]
[SourceDate "2017.10.13"]
[SourceVersion "1"]
[SourceVersionDate "2017.10.13"]
[SourceQuality "1"]

1. d4 g6 2. Nf3 Bg7 3. e4 d6 4. h3 Nf6 5. Bd3 0-0 6. 0-0 Nc6 7. c3 e5 8. dxe5 dxe5 9. b4 Nh5 10. Bc4 h6 11. Qxd8 Nxd8 12. Bb2 Be6 13. Bxe6 Nxe6 14. c4 Rfe8 15. Na3 c5 16. Nc2 Nd4 17. Nfxd4 cxd4 18. Rfd1 Rac8 19. Na3 Bf8 20. c5 b6 21. cxb6 axb6 22. Rac1 Nf4 23. Kf1 Bxb4 24. Nb1 Ne6 25. Ba3 Bc5 26. f3 Ra8 27. Rd3 Bxa3 28. Rxa3 Rxa3 29. Nxa3 Ra8 30. Nb5 Rxa2 31. Rb1 Nf4 32. Nd6 Nxg2 33. Nc4 Ne3+ 34. Nxe3 dxe3 35. Rxb6 Rf2+ 0-1

[Event "GER-chA Seniors 27th"]
[Site "Magdeburg"]
[Date "2015.08.21"]
[Round "7"]
[White "Lutz, Albert"]
[Black "Schneider, Alexander"]
[Result "1/2-1/2"]
[WhiteElo "2204"]
[BlackElo "2097"]
[PlyCount "120"]
[EventDate "2015.08.15"]
[EventType "swiss"]
[EventRounds "9"]
[EventCountry "GER"]
[SourceTitle "EXT 2018"]
[Source "ChessBase"]
[SourceDate "2017.10.13"]
[SourceVersion "1"]
[SourceVersionDate "2017.10.13"]
[SourceQuality "1"]

1. e4 c6 2. d3 g6 3. Nd2 Bg7 4. Ngf3 d6 5. g3 c5 6. Bg2 Nc6 7. c3 Nf6 8. 0-0 0-0 9. Re1 Bd7 10. Nf1 Rb8 11. Bg5 h6 12. Be3 Ng4 13. Qd2 Kh7 14. h3 Nxe3 15. Nxe3 Ne5 16. Nh4 Bb5 17. d4 cxd4 18. cxd4 Nc4 19. Qb4 Nxe3 20. Rxe3 Bd7 21. Rd1 a5 22. Qa3 Bc6 23. b4 Ra8 24. bxa5 Rxa5 25. Qb2 Qa8 26. a3 Qa7 27. e5 dxe5 28. dxe5 Ra8 29. Bxc6 bxc6 30. Rdd3 e6 31. Nf3 Rb8 32. Qc2 c5 33. h4 h5 34. Ng5+ Kg8 35. Qd1 Rab5 36. Rd8+ Bf8 37. Rxb8 Qxb8 38. Qf3 Rb1+ 39. Kg2 Qb7 40. Qxb7 Rxb7 41. Ne4 c4 42. Rc3 Ra7 43. Rxc4 Bxa3 44. Kf3 Bb2 45. Nf6+ Kg7 46. Ke4 Bxe5 47. Ne8+ Kf8 48. Kxe5 Kxe8 49. Kf6 Ra5 50. Kg7 Rf5 51. f4 Kd7 52. Rd4+ Ke7 53. Rd3 e5 54. fxe5 Ke6 55. Ra3 Kxe5 56. Re3+ Kd4 57. Re7 Rf3 58. Rxf7 Rxg3 59. Rf6 Rg4 60. Rxg6 Rxh4 1/2-1/2

[Event "Niedersachsen-ch Seniors 49th"]
[Site "Wesel Undeloh"]
[Date "2015.07.23"]
[Round "5"]
[White "Stummeyer, Dieter"]
[Black "Schneider, Alexander"]
[Result "1/2-1/2"]
[WhiteElo "1742"]
[BlackElo "1981"]
[PlyCount "50"]
[EventDate "2015.07.19"]
[EventType "swiss"]
[EventRounds "7"]
[EventCountry "GER"]
[SourceTitle "EXT 2018"]
[Source "ChessBase"]
[SourceDate "2017.10.13"]
[SourceVersion "1"]
[SourceVersionDate "2017.10.13"]
[SourceQuality "1"]

1. e4 Nc6 2. d4 e5 3. Nf3 exd4 4. Nxd4 Bc5 5. Be3 Qf6 6. c3 Nge7 7. Bc4 0-0 8. 0-0 a6 9. f4 d6 10. a4 Be6 11. Be2 g6 12. Na3 Qg7 13. Nac2 Bd7 14. f5 f6 15. Bc4+ Kh8 16. Ne6 Bxe6 17. Bxe6 Bxe3+ 18. Nxe3 Ne5 19. fxg6 hxg6 20. Rf4 Qh6 21. g3 Kg7 22. Qe2 Rh8 23. Raf1 Raf8 24. Rh4 Qg5 25. Rhf4 Qh6 1/2-1/2